Cách chế và dùng rết làm thuốc /

Kaydedildi:
Detaylı Bibliyografya
Yazar: Hoàng Khánh Toàn, ThS.
Materyal Türü: Makale
Dil:Vietnamese
Konular:
Etiketler: Etiketle
Etiket eklenmemiş, İlk siz ekleyin!
Thư viện lưu trữ: Thư viện Trường Đại học Đà Lạt
LEADER 00757nam a2200265 4500
001 DLU090103042
005 ##20091229
040 # # |a DLU  |b vie 
041 # # |a vie 
044 # # |a vn 
100 # # |a Hoàng Khánh Toàn,   |c ThS. 
245 # # |a Cách chế và dùng rết làm thuốc /  |c Hoàng Khánh Toàn. 
653 # # |a Bài thuốc đông y 
653 # # |a Bài thuốc dân gian 
653 # # |a Y học cổ truyền 
773 # # |t Cây thuốc quý  |g Số9(115), 2008, tr. 8 
920 # # |a Phòng Tạp chí -- Trung tâm Thông tin - Thư viện Trường Đại học Đà Lạt 
994 # # |a DLU 
900 # # |a True 
911 # # |a Nguyễn Thị Linh Chi 
925 # # |a G 
926 # # |a A 
927 # # |a BB 
980 # # |a Thư viện Trường Đại học Đà Lạt